Mapa de los países que terminan en “Stan” - Estadísticas

Estadísticas generales
  • Esta prueba ha sido intentada 10.703 veces
  • La puntuación promedio es 5 de 7
Respuestas en el mapa
Las respuestas están codificadas por una escala verde-roja en el mapa de la prueba según el % correcto abajo.
 
Estadísticas de respuestas
Respuesta % Correcto
Kazajistán
91%
Pakistán
83%
Afganistán
79%
Tayikistán
71%
Kirguistán
68%
Turkmenistán
67%
Uzbekistán
66%
No se encontraron pruebas coincidentes
Distribución de puntuación
Porcentaje de gente con cada puntuación
Porcentaje por número respondido
Historial de tus puntuaciones
No has intentado esta prueba.